| 000 | 03753nam a22003377a 4500 | ||
|---|---|---|---|
| 001 | TIC 0038 | ||
| 003 | gtcocun | ||
| 005 | 20250922165746.0 | ||
| 006 | a||||gr|||| 00| 0 | ||
| 007 | ta | ||
| 008 | 250922b2024 gt ||||| m||| 00| 0 eng d | ||
| 040 |
_agtcocun _bSPA _cgtcocun _eRDA |
||
| 041 | _aSPA TIC 0038 | ||
| 084 | _0TIC 0038 | ||
| 100 |
_aPacay Mollinedo, Gerson Neftalí _eAutor |
||
| 245 |
_aVARIACIÓN DE LA RESISTENCIA DEL CONCRETO UTILIZANDO DIFERENTES FUENTES DE AGUA EN EL MUNICIPIO DE COBÁN, ALTA VERAPAZ./ _cGerson Neftalí Pacay Mollinedo _hImpreso |
||
| 264 |
_aCobán, Alta Verapaz: _bUniversidad de San Carlos de Guatemala, Centro Universitario del Norte, Ingeniería Civil _c2024 |
||
| 300 |
_a147 p.: _bIlustraciones, gráficas. _c28 cm; |
||
| 300 | _cPDF | ||
| 336 |
_2rdacontenido _aTexto _btxt |
||
| 337 |
_2rdamedio _aComputadora _bn |
||
| 338 |
_2rdasoporte _aCódigo en línea _bcr |
||
| 502 | _eTIC 0038 | ||
| 502 |
_aTesis de grado _bIngeniería Civil, _cUniversidad de San Carlos de Guatemala, Centro Universitario del Norte, Ingeniería Civil _d2024 _oTIC 0038 |
||
| 520 | 1 | 4 | _aEn vista de la necesidad de realizar un estudio del impacto que ocasionaría el agua en el concreto, se ha realizó una investigación detallada en el municipio de Cobán, del departamento de Alta Verapaz de Guatemala. El objetivo consistió en evaluar el impacto de utilizar el agua sin conocer sus propiedades fisicoquímicas de las fuentes de agua que se extraen para el uso de obra civil, se evaluó los distintos tipos de agua como: de río, nacimiento, de tubería y agua de pozo, al evaluar el agua en el concreto a los 28 días de fraguado, esto para considerar su fiabilidad al utilizarlo como agregado fundamental en el concreto. Este informe se centró en analizar la sensibilidad que tiene el concreto ante la presencia del componente fisicoquímico que afectan directamente al fraguado y estructura del concreto, entre algunos esta; los carbonatos, cloruros, solidos disueltos, sulfatos, magnesio y el que mayormente afectaría al concreto encontramos al cloro residual, al estar expuesto a las dosis permisibles de cloro residual que puede contener el agua potable, que es provista por la red de distribución y la cual es utilizada para la elaboración de concreto. El contenido de cloro residual que cada una de las muestras contenía fueron de 0.0 mg/L en agua de nacimiento, 0.02 mg/L en agua de pozo, 0 09 mg/L en agua de rio y 1,16 mg/L en agua te tubería, siendo estos los valores permisibles por la norma COGUANOR NGO 29 000 1:99. En la investigación se consideraron las propiedades del concreto y las normativas guatemaltecas, ACI y ASTM. Para determinar los parámetros en los que se debería de guiar el diseñador al momento de realizar una mezcla de concreto, se consideraron los agregados como finos y gruesos, con ello determinar los valores de diseño y su caracterización además de la dosificación del concreto según la resistencia de diseño de 3 000 PSI. Los resultados de los ensayos a compresión han indicado un comportamiento interesante del concreto dado que todos los especímenes cumplieron con la resistencia requerida del 100 por ciento, mas no entre ellas se encuentra una que excede el exceso de cloro residual el cual afectaría directamente a la corrosión del concreto armado. |
| 650 | 1 | 4 |
_2LEMB _aCobán, Alta Verapaz. _xIngeniería _xAnálisis _xInvestigación _xRequerimientos _xNormativa _xDeterminar |
| 700 |
_aIng. Jorge Haroldo Dubón Xitumul _eAsesor |
||
| 856 |
_uhttps://drive.google.com/file/d/1-Dqwa47-PXL0zeUM4Q1vlMGZI2TyKbBr/view _yPDF _zUn ejemplar en línea. |
||
| 942 |
_2ddc _cTES _iTIC 0038 _kClasificación _n0 _6TIC_0038_000000000000000 |
||
| 999 |
_c2040 _d2040 |
||